| 000 -LEADER |
| fixed length control field |
00347nam a22001217a 4500 |
| 008 - FIXED-LENGTH DATA ELEMENTS--GENERAL INFORMATION |
| fixed length control field |
250320b ||||| |||| 00| 0 eng d |
| 020 ## - INTERNATIONAL STANDARD BOOK NUMBER |
| International Standard Book Number |
9780008241568 |
| 082 ## - DEWEY DECIMAL CLASSIFICATION NUMBER |
| Classification number |
823.92 FAL |
| 100 ## - MAIN ENTRY--PERSONAL NAME |
| Personal name |
FALAFEL,OLAF |
| Relator term |
AUTHOR |
| 245 ## - TITLE STATEMENT |
| Title |
OLD MACDONALD HEARD A PARP FROM THE PAST |
| 260 ## - PUBLICATION, DISTRIBUTION, ETC. |
| Place of publication, distribution, etc. |
GREAT BRITAIN |
| Name of publisher, distributor, etc. |
HARPER COLLINS CHILDREN'S BOOKS |
| Date of publication, distribution, etc. |
2018 |
| 942 ## - ADDED ENTRY ELEMENTS (KOHA) |
| Source of classification or shelving scheme |
|